Noms de Famille les plus courants en France - Statistiques

Statistiques générales
  • Ce quiz a été pris 465 fois
  • Le résultat moyen est 11 sur 50
Statistiques - réponses
Hint Réponse % Correct
1 Martin
81%
26 Dupont
80%
8 Durand
58%
2 Bernard
36%
3 Dubois
36%
14 Michel
35%
7 Petit
35%
29 François
31%
31 Legrand
29%
5 Robert
29%
4 Thomas
29%
35 Blanc
26%
24 Lefevre
26%
11 Simon
23%
6 Richard
22%
12 Laurent
21%
13 Lefebvre
21%
23 Andre
20%
17 Bertrand
20%
40 Nicolas
20%
16 David
19%
38 Henry
19%
9 Leroy
18%
42 Morin
18%
46 Dumont
17%
43 Mathieu
17%
10 Moreau
17%
18 Roux
16%
19 Vincent
16%
45 Gauthier
15%
34 Rousseau
15%
44 Clement
14%
15 Garcia
14%
33 Faure
13%
25 Mercier
13%
50 Robin
13%
49 Chevalier
12%
20 Fournier
12%
32 Garnier
12%
22 Girard
11%
21 Morel
11%
41 Perrin
11%
27 Lambert
10%
37 Muller
10%
28 Bonnet
9%
36 Guerin
9%
39 Roussel
9%
48 Fontaine
8%
30 Martinez
8%
47 Lopez
7%
Aucun quiz correspondant
Distribution des résultats
% des personnes avec chaque résultat
Percentile par nombre de réponses
Votre historique - résultats
Vous n’avez pas pris ce quiz